[Event "Montevideo Duchamp Cup 4th"]
[Site "Montevideo"]
[Date "2020.02.10"]
[Round "4"]
[White "Lopez Azambuja, Nicolas"]
[Black "Meskanen, Vesa"]
[Result "1-0"]
[WhiteElo "2310"]
[BlackElo "2019"]
[PlyCount "65"]
[EventDate "2020.02.08"]
[EventType "swiss"]
[EventRounds "9"]
[EventCountry "URU"]
[SourceTitle "CBM 194 Extra"]
[Source "ChessBase"]
[SourceDate "2020.03.31"]
[SourceVersion "1"]
[SourceVersionDate "2020.03.31"]
[SourceQuality "1"]

1. d4 Nf6 2. c4 g6 3. Nc3 d5 4. cxd5 Nxd5 5. e4 Nxc3 6. bxc3 Bg7 7. Nf3 c5 8. Be3 0-0 9. Be2 Qa5 10. Qd2 Nc6 11. Rc1 cxd4 12. cxd4 Qxd2+ 13. Kxd2 Rd8 14. Rc4 f5 15. exf5 Bxf5 16. Rd1 Rd7 17. Ke1 Rad8 18. Rd2 e5 19. dxe5 Rxd2 20. Bxd2 Nxe5 21. Nxe5 Bxe5 22. f4 Bf6 23. Be3 a6 24. a4 Bd7 25. Rc7 Bc6 26. Bxa6 Bc3+ 27. Ke2 Ba5 28. Bc4+ Kh8 29. Rf7 Bxg2 30. f5 gxf5 31. Bg5 Re8+ 32. Kf2 Bc3 33. Kxg2 1-0

[Event "Heart of Finland op 28th"]
[Site "Jyvaskyla"]
[Date "2018.07.17"]
[Round "3"]
[White "Luukkonen, Tommi"]
[Black "Meskanen, Vesa"]
[Result "1-0"]
[WhiteElo "2325"]
[BlackElo "2035"]
[PlyCount "75"]
[EventDate "2018.07.16"]
[EventType "swiss"]
[EventRounds "9"]
[EventCountry "FIN"]
[SourceTitle "CBM 185 Extra"]
[Source "ChessBase"]
[SourceDate "2018.07.29"]
[SourceVersion "1"]
[SourceVersionDate "2018.07.29"]
[SourceQuality "1"]

1. e4 c5 2. Nc3 Nc6 3. Bb5 Nd4 4. Bc4 g6 5. h4 h5 6. Nf3 Bg7 7. Nxd4 cxd4 8. Qf3 Nh6 9. d3 0-0 10. Nd5 b5 11. Bb3 Bb7 12. Bg5 Bxd5 13. Bxd5 Rc8 14. 0-0-0 Qc7 15. Kb1 e6 16. Bb3 a5 17. a3 Qc5 18. Bd2 Qa7 19. Qe2 Rc6 20. f3 f5 21. Qe1 fxe4 22. Qxe4 a4 23. Ba2 Qc5 24. Bb4 Qxc2+ 25. Ka1 Rf6 26. Rd2 Nf5 27. Rxc2 Rxc2 28. Qa8+ Kh7 29. Qb7 Rxg2 30. Qxd7 Ng3 31. Rc1 Rxf3 32. Bxe6 Ne2 33. Bd6 Kh6 34. Bg8 Nxc1 35. Be5 Nb3+ 36. Ka2 Nc1+ 37. Kb1 Rxb2+ 38. Kxc1 1-0

[Event "Heart of Finland op 27th"]
[Site "Jyvaskyla"]
[Date "2017.07.22"]
[Round "8"]
[White "Ristoja, Samu"]
[Black "Meskanen, Vesa"]
[Result "1-0"]
[WhiteElo "2259"]
[BlackElo "2038"]
[PlyCount "77"]
[EventDate "2017.07.17"]
[EventType "swiss"]
[EventRounds "9"]
[EventCountry "FIN"]
[SourceTitle "CBM 179 Extra"]
[Source "ChessBase"]
[SourceDate "2017.08.23"]
[SourceVersion "1"]
[SourceVersionDate "2017.08.23"]
[SourceQuality "1"]

1. e4 e5 2. Nf3 Nc6 3. Bb5 Nf6 4. d3 d6 5. c4 g6 6. Nc3 Bg7 7. Nd5 Bd7 8. Bg5 h6 9. Bh4 g5 10. Bg3 Nh5 11. Ne3 Nxg3 12. hxg3 Ne7 13. Bxd7+ Qxd7 14. g4 c6 15. Qb3 0-0-0 16. a4 Kb8 17. a5 d5 18. a6 b6 19. cxd5 cxd5 20. 0-0 Bf6 21. Rfc1 h5 22. Ra5 Rc8 23. Rxc8+ Qxc8 24. gxh5 Qc1+ 25. Nf1 g4 26. N3d2 Bg5 27. Rb5 Rh6 28. Qb4 g3 29. exd5 Qe1 30. Ne4 gxf2+ 31. Nxf2 Qxb4 32. Rxb4 Rxh5 33. d6 Nc6 34. Rc4 Nd4 35. Ne4 Bd8 36. d7 Bc7 37. Nd6 Rh8 38. Ne8 Ne6 39. Rxc7 1-0

[Event "Heart of Finland op 27th"]
[Site "Jyvaskyla"]
[Date "2017.07.20"]
[Round "5"]
[White "Sysolyatin, Evgeny Valerievich"]
[Black "Meskanen, Vesa"]
[Result "1-0"]
[WhiteElo "2289"]
[BlackElo "2038"]
[PlyCount "61"]
[EventDate "2017.07.17"]
[EventType "swiss"]
[EventRounds "9"]
[EventCountry "FIN"]
[SourceTitle "CBM 179 Extra"]
[Source "ChessBase"]
[SourceDate "2017.08.23"]
[SourceVersion "1"]
[SourceVersionDate "2017.08.23"]
[SourceQuality "1"]

1. e4 c5 2. Nf3 d6 3. d4 cxd4 4. Nxd4 Nf6 5. Nc3 g6 6. Bg5 Bg7 7. Qd2 Nc6 8. Bb5 Bd7 9. Nde2 a6 10. Bd3 h6 11. Bf4 g5 12. Bg3 Qa5 13. f3 0-0-0 14. a3 Be6 15. 0-0 d5 16. b4 Qb6+ 17. Bf2 Qc7 18. b5 dxe4 19. bxc6 Qxc6 20. Nxe4 Nxe4 21. fxe4 Bxa1 22. Rxa1 Qxe4 23. Nd4 Qd5 24. Re1 Rhf8 25. Qb4 Qd6 26. Qc3+ Kd7 27. Nxe6 fxe6 28. Rd1 Rc8 29. Qe1 Qxa3 30. Bb5+ Kc7 31. Qe5+ 1-0

[Event "Heart of Finland op 22nd"]
[Site "Jyvaskyla"]
[Date "2012.07.09"]
[Round "1"]
[White "Meskanen, Vesa"]
[Black "Spanton, Timothy"]
[Result "1-0"]
[WhiteElo "2065"]
[BlackElo "1963"]
[PlyCount "83"]
[EventDate "2012.07.09"]
[EventType "swiss"]
[EventRounds "9"]
[EventCountry "FIN"]
[SourceTitle "EXT 2022"]
[Source "ChessBase"]
[SourceDate "2021.10.06"]
[SourceVersion "1"]
[SourceVersionDate "2021.10.06"]
[SourceQuality "1"]

1. d4 d5 2. c4 e5 3. e3 exd4 4. exd4 Bb4+ 5. Nc3 Ne7 6. a3 Bxc3+ 7. bxc3 0-0 8. Nf3 Re8 9. Be2 dxc4 10. 0-0 b5 11. a4 c6 12. Bf4 Nd5 13. Bd2 Bb7 14. Rb1 a6 15. Bxc4 Nb6 16. Bxf7+ Kxf7 17. Ng5+ Kg8 18. Qh5 h6 19. Qf7+ Kh8 20. Qxb7 hxg5 21. a5 Nc4 22. Bc1 Nd7 23. Qxc6 Nxa5 24. Qf3 Qf6 25. Qh3+ Kg8 26. Qxd7 Rad8 27. Qg4 Rd5 28. Ra1 Nc4 29. f4 Rf5 30. Rxa6 Rxf4 31. Rxf6 Rxg4 32. R6f5 Re2 33. g3 Rc2 34. Rxb5 Rxc3 35. Rd1 Rc2 36. Rxg5 Re4 37. d5 Ree2 38. Rh5 Nd6 39. Bf4 Ne4 40. d6 Nf6 41. Rh4 Kf7 42. d7 1-0

[Event "Heart of Finland op 21st"]
[Site "Jyvaskyla"]
[Date "2011.07.17"]
[Round "9"]
[White "Simkin, Alexander"]
[Black "Meskanen, Vesa"]
[Result "1-0"]
[WhiteElo "1920"]
[BlackElo "2106"]
[PlyCount "53"]
[EventDate "2011.07.11"]
[EventType "swiss"]
[EventRounds "9"]
[EventCountry "FIN"]
[SourceTitle "EXT 2022"]
[Source "ChessBase"]
[SourceDate "2021.10.06"]
[SourceVersion "1"]
[SourceVersionDate "2021.10.06"]
[SourceQuality "1"]

1. e4 c5 2. Nf3 d6 3. d4 cxd4 4. Nxd4 Nf6 5. Nc3 g6 6. Be3 Bg7 7. f3 0-0 8. Qd2 Nc6 9. 0-0-0 d5 10. Nxc6 bxc6 11. exd5 Nxd5 12. Nxd5 cxd5 13. Qxd5 Qc7 14. Qc5 Qb8 15. Qa3 Be6 16. Bd3 Qe5 17. Be4 Rab8 18. Bd4 Qg5+ 19. Kb1 Bxd4 20. Rxd4 Qxg2 21. Rdd1 Rb5 22. Qxe7 Rfb8 23. b3 R8b6 24. Rd8+ Kg7 25. Qf8+ Kf6 26. Qh8+ Kg5 27. f4+ 1-0

[Event "Heart of Finland op 19th"]
[Site "Jyvaskyla"]
[Date "2009.07.11"]
[Round "8"]
[White "Alho, Sauli"]
[Black "Meskanen, Vesa"]
[Result "1/2-1/2"]
[WhiteElo "2181"]
[BlackElo "2132"]
[PlyCount "107"]
[EventDate "2009.07.07"]
[EventType "swiss"]
[EventRounds "9"]
[EventCountry "FIN"]
[SourceTitle "CBM 131 Extra"]
[Source "ChessBase"]
[SourceDate "2009.09.03"]
[SourceVersion "2"]
[SourceVersionDate "2009.09.16"]
[SourceQuality "1"]

1. e4 e5 2. Nf3 Nc6 3. Bb5 a6 4. Ba4 Nf6 5. d4 exd4 6. 0-0 Be7 7. Re1 0-0 8. e5 Ne8 9. Bf4 d6 10. Bxc6 bxc6 11. Nxd4 Bd7 12. c4 c5 13. Nc2 Be6 14. Ne3 g5 15. Bg3 f5 16. exf6 Bxf6 17. Nc3 Ng7 18. Ned5 Bd4 19. Qd2 h5 20. h4 Bxd5 21. Nxd5 Nf5 22. Qd3 c6 23. Ne3 Qd7 24. Nxf5 Rxf5 25. Re7 Qxe7 26. Qxf5 gxh4 27. Qg6+ Qg7 28. Qxg7+ Kxg7 29. Bxd6 Re8 30. Kf1 Re6 31. Bh2 Bxb2 32. Rb1 Bc3 33. f3 Kf6 34. Bc7 h3 35. gxh3 Re3 36. Kf2 Bd4 37. Kg3 Kf5 38. h4 Re2 39. a4 Rc2 40. Rb6 Bf2+ 41. Kh3 Rxc4 42. Rxa6 Bxh4 43. a5 Be7 44. Rxc6 Rc3 45. Kg2 Rc2+ 46. Kg1 Bf6 47. a6 Bd4+ 48. Kf1 Ra2 49. Rh6 Kg5 50. Rc6 Kf5 51. Bb8 Rf2+ 52. Ke1 Rxf3 53. Ba7 Ra3 54. Bxc5 1/2-1/2

[Event "Heart of Finland op 18th"]
[Site "Jyvaskyla"]
[Date "2008.07.17"]
[Round "8"]
[White "Meskanen, Vesa"]
[Black "Kivimaki, Jaakko"]
[Result "0-1"]
[WhiteElo "2119"]
[BlackElo "2187"]
[PlyCount "78"]
[EventDate "2008.07.12"]
[EventType "swiss"]
[EventRounds "9"]
[EventCountry "FIN"]
[SourceTitle "CBM 125 Extra"]
[Source "ChessBase"]
[SourceDate "2008.09.01"]
[SourceVersion "1"]
[SourceVersionDate "2008.09.01"]
[SourceQuality "1"]

1. g3 d5 2. Nf3 e6 3. Bg2 b5 4. 0-0 Nf6 5. b3 a5 6. c4 c6 7. d3 Be7 8. Qc2 0-0 9. e4 a4 10. Bb2 axb3 11. axb3 Rxa1 12. Bxa1 Na6 13. e5 Nd7 14. Re1 Nb4 15. Qd2 Nc5 16. Qxb4 Ne4 17. Qxe7 Qxe7 18. dxe4 dxc4 19. bxc4 b4 20. Nd4 Bd7 21. Nb3 c5 22. Bb2 Ba4 23. N1d2 Bxb3 24. Nxb3 Ra8 25. Bc1 Qc7 26. f4 Ra2 27. Be3 Ra3 28. Rb1 Qc6 29. Bf2 Qa4 30. Nxc5 Qc2 31. Rxb4 h6 32. Bf1 Ra1 33. Kg2 Qd1 34. Bd3 Qh1+ 35. Kh3 Ra2 36. Rb1 Qf3 37. Rf1 g5 38. f5 Kh7 39. fxe6 fxe6 0-1

[Event "Heart of Finland op 18th"]
[Site "Jyvaskyla"]
[Date "2008.07.15"]
[Round "6"]
[White "Meskanen, Vesa"]
[Black "Lehtimaki, Tero"]
[Result "1-0"]
[WhiteElo "2119"]
[BlackElo "1901"]
[PlyCount "85"]
[EventDate "2008.07.12"]
[EventType "swiss"]
[EventRounds "9"]
[EventCountry "FIN"]
[SourceTitle "CBM 125 Extra"]
[Source "ChessBase"]
[SourceDate "2008.09.01"]
[SourceVersion "1"]
[SourceVersionDate "2008.09.01"]
[SourceQuality "1"]

1. d4 Nf6 2. c4 c5 3. Nf3 cxd4 4. Nxd4 Nc6 5. g3 g6 6. Bg2 Bg7 7. 0-0 0-0 8. Nc3 Nxd4 9. Qxd4 d6 10. b3 a6 11. Bb2 Rb8 12. Rfd1 Be6 13. Ne4 b5 14. cxb5 axb5 15. Ng5 Bf5 16. Qh4 h5 17. e4 Bd7 18. h3 Ne8 19. e5 Bxe5 20. Bxe5 dxe5 21. Qe4 Nd6 22. Qxe5 b4 23. Ne4 Rb5 24. Nf6+ exf6 25. Qxd6 Re5 26. Rd4 Qa5 27. Qxd7 Re2 28. Qd5 Qa3 29. Rd2 Rfe8 30. Rxe2 Rxe2 31. Qa8+ Kg7 32. Qxa3 bxa3 33. Bd5 Rb2 34. Rc1 Rxa2 35. Rc7 Rb2 36. Bxf7 Kh6 37. Ra7 a2 38. Kg2 Kg5 39. Ra4 Kf5 40. b4 Ke5 41. Bxa2 g5 42. Bf7 g4 43. h4 1-0

[Event "Heart of Finland op 16th"]
[Site "Jyvaskyla"]
[Date "2006.07.12"]
[Round "2"]
[White "Meskanen, Vesa"]
[Black "Kekki, Petri"]
[Result "1/2-1/2"]
[WhiteElo "2125"]
[BlackElo "2370"]
[PlyCount "181"]
[EventDate "2006.07.07"]
[EventType "swiss"]
[EventRounds "9"]
[EventCountry "FIN"]
[SourceTitle "EXT 2022"]
[Source "ChessBase"]
[SourceDate "2021.10.06"]
[SourceVersion "1"]
[SourceVersionDate "2021.10.06"]
[SourceQuality "1"]

1. d4 e6 2. c4 d5 3. Nc3 c6 4. e3 Nf6 5. Qc2 Nbd7 6. Nf3 Bd6 7. e4 dxe4 8. Nxe4 Nxe4 9. Qxe4 Nf6 10. Qc2 c5 11. Bd2 b6 12. Be2 Bb7 13. Qa4+ Qd7 14. Qxd7+ Nxd7 15. 0-0 Rc8 16. Bc3 Bxf3 17. Bxf3 cxd4 18. Bxd4 e5 19. Bc3 Rxc4 20. Rad1 Ke7 21. Bd5 Rf4 22. g3 Rf5 23. Be4 Rf6 24. Rfe1 Rc8 25. Re2 Bc5 26. Kg2 Rd6 27. Rde1 g6 28. f4 f6 29. fxe5 fxe5 30. Bf3 Bd4 31. Bd2 Kf6 32. Bh6 Nc5 33. Bg4 Rg8 34. Rf1+ Ke7 35. Bg5+ Ke8 36. b4 Ne6 37. Bf6 h5 38. Bh3 g5 39. Bf5 Nf4+ 40. gxf4 gxf4+ 41. Kh3 Rxf6 42. Rxf4 Kd8 43. Bh7 Rxf4 44. Bxg8 Kd7 45. Bh7 Kc6 46. Bg6 h4 47. Be8+ Kd5 48. b5 Kc4 49. Rc2+ Bc3 50. Bh5 Kd3 51. Rg2 e4 52. Be2+ Ke3 53. Bc4 Bf6 54. Re2+ Kd4 55. Rc2 e3 56. Kg2 Be7 57. Bf1 Bc5 58. Rc4+ Ke5 59. Rxf4 Kxf4 60. Be2 Ba3 61. Kh3 Kg5 62. Kg2 Kf4 63. Kh3 Be7 64. Kg2 Ke4 65. h3 Bd6 66. Kf1 Bb4 67. Bh5 Kd3 68. Bg6+ Kd2 69. Bh5 Bc5 70. Bg4 Bd4 71. Bh5 Kd3 72. Bg6+ Kc4 73. Be8 Kd3 74. Bg6+ Kd2 75. Bh5 Be5 76. Bg4 Bf6 77. Bh5 Be7 78. Bg4 Bc5 79. Bh5 Kd3 80. Bg6+ Kc4 81. Be8 Kb4 82. Ke2 Ka5 83. Bd7 a6 84. bxa6 Kxa6 85. Be6 Ka5 86. Bb3 Kb4 87. Bf7 b5 88. Be6 Ka3 89. Bf7 b4 90. Be6 Kb2 91. Bf7 1/2-1/2

[Event "Heart of Finland op 16th"]
[Site "Jyvaskyla"]
[Date "2006.07.12"]
[Round "4"]
[White "Vehkalahti, Veli"]
[Black "Meskanen, Vesa"]
[Result "1-0"]
[WhiteElo "2060"]
[BlackElo "2125"]
[PlyCount "117"]
[EventDate "2006.07.07"]
[EventType "swiss"]
[EventRounds "9"]
[EventCountry "FIN"]
[SourceTitle "EXT 2022"]
[Source "ChessBase"]
[SourceDate "2021.10.06"]
[SourceVersion "1"]
[SourceVersionDate "2021.10.06"]
[SourceQuality "1"]

1. d4 Nf6 2. Nf3 g6 3. c4 Bg7 4. Nc3 d5 5. cxd5 Nxd5 6. Bd2 Nb6 7. e3 0-0 8. Be2 Nc6 9. 0-0 e5 10. dxe5 Nxe5 11. Nxe5 Bxe5 12. Qc2 Qh4 13. f4 Bg7 14. Rad1 Be6 15. Be1 Qe7 16. Bf2 Qb4 17. a3 Qb3 18. Rc1 Qxc2 19. Rxc2 Bb3 20. Rcc1 Rfd8 21. Be1 c6 22. Kf2 Nc4 23. Ne4 Nxb2 24. Nc5 Be6 25. Nxb7 Nd3+ 26. Bxd3 Rxd3 27. Nc5 Rxa3 28. Nxe6 fxe6 29. Rxc6 e5 30. Bb4 Rb3 31. Bd6 exf4 32. Bxf4 a5 33. Rfc1 Rb7 34. Rc8+ Rxc8 35. Rxc8+ Kf7 36. Ra8 Bc3 37. Ke2 Rd7 38. Rc8 Bf6 39. Ra8 Rd5 40. Ra7+ Be7 41. e4 Rd8 42. Rxa5 Rd7 43. Ra6 Rb7 44. Ra2 Bc5 45. Rc2 Be7 46. g4 Rb4 47. Kf3 Rb3+ 48. Kg2 Rb4 49. Re2 Ke6 50. Bg3 Bf6 51. Kf3 Bg7 52. Ra2 Rb3+ 53. Ke2 Bd4 54. Ra6+ Kf7 55. Bf4 Ke7 56. h4 Bb6 57. Ra2 Kf7 58. Rd2 Bd4 59. Rxd4 1-0

[Event "Heart of Finland op 13th"]
[Site "Jyvaskyla"]
[Date "2003.??.??"]
[Round "3"]
[White "Nouro, Mikael"]
[Black "Meskanen, Vesa"]
[Result "1-0"]
[WhiteElo "2363"]
[BlackElo "2142"]
[PlyCount "93"]
[EventDate "2003.07.09"]
[EventType "swiss"]
[EventRounds "9"]
[EventCountry "FIN"]
[SourceTitle "EXT 2005"]
[Source "ChessBase"]
[SourceDate "2004.11.15"]
[SourceVersion "1"]
[SourceVersionDate "2004.11.15"]
[SourceQuality "1"]

1. e4 c5 2. Nf3 d6 3. d4 cxd4 4. Nxd4 Nf6 5. Nc3 g6 6. Be3 Bg7 7. f3 0-0 8. Qd2 Nc6 9. g4 Re8 10. 0-0-0 Nxd4 11. Bxd4 Be6 12. h4 Qa5 13. a3 Rab8 14. h5 b5 15. hxg6 fxg6 16. Nd5 Qxd2+ 17. Rxd2 Nxd5 18. exd5 Bxd4 19. Rxd4 Bf7 20. Bd3 Kg7 21. Kd2 Rh8 22. g5 h5 23. gxh6+ Rxh6 24. Re1 Rb7 25. Kc3 Rh5 26. Be4 a5 27. b4 Rc7+ 28. Kd3 a4 29. c4 Be8 30. Rg1 bxc4+ 31. Kc3 Rh2 32. Rxc4 Rb7 33. Kd4 Rd2+ 34. Ke3 Ra2 35. Rc3 Kf6 36. f4 Bf7 37. Kd4 Rf2 38. Rf3 Rxf3 39. Bxf3 Rb8 40. Be4 Rh8 41. b5 Rb8 42. Rb1 Rb6 43. Rb4 e6 44. Bd3 g5 45. fxg5+ Kxg5 46. dxe6 Bxe6 47. Rxa4 1-0

[Event "Heart of Finland op 12th"]
[Site "Jyvaskyla"]
[Date "2002.??.??"]
[Round "3"]
[White "Kveinys, Aloyzas"]
[Black "Meskanen, Vesa"]
[Result "1-0"]
[WhiteElo "2556"]
[BlackElo "2152"]
[PlyCount "69"]
[EventDate "2002.09.??"]
[EventType "swiss"]
[EventRounds "9"]
[EventCountry "FIN"]
[SourceTitle "EXT 2004"]
[Source "ChessBase"]
[SourceDate "2003.11.25"]
[SourceVersion "1"]
[SourceVersionDate "2003.11.25"]
[SourceQuality "1"]

1. e4 c5 2. Nf3 d6 3. d4 cxd4 4. Nxd4 Nf6 5. Nc3 g6 6. h3 Bg7 7. Bc4 a6 8. 0-0 0-0 9. Re1 Bd7 10. Bg5 Nc6 11. Nxc6 Bxc6 12. Qd2 Re8 13. Bb3 Qa5 14. Rad1 Rac8 15. Qf4 Qe5 16. Qh4 b5 17. Kh1 b4 18. Nd5 Bxd5 19. exd5 Qxb2 20. Qxb4 h6 21. Bc1 Qc3 22. Qxc3 Rxc3 23. Ba4 Rb8 24. Rxe7 Rb1 25. Ree1 Rc4 26. Bb3 Re4 27. Be3 Rxd1 28. Rxd1 Nh5 29. Bb6 Bc3 30. g3 f5 31. Kg2 f4 32. Rd3 Be1 33. c4 fxg3 34. fxg3 Bb4 35. c5 1-0